000
00336nam a2200133Ia 4500
008
240624s9999 xx 000 0 und d
041
_a
eng
082
_a
823 HAN
100
_a
HANH THICH NHAT
245
_a
CULTIVATING THE MIND OF LOVE
260
_c
2005
_a
New Delhi
_b
Full Circle
300
_a
x, : 124 : p. : cm. ; 21
365
_c
RS
_b
20
999
_c
9493
_d
9493